00913nam a2200229 a 450000100100000000500170001000800410002702000180006804000250008608200130011110000250012424500680014926000470021730000200026449000260028450000730031059000270038350001130041083000320052395201110055599900170066600004878020201002061413.0190412s2016 dr 000 0 spa d a9788460879213 aDO-SdBNPbspacBNPHU axxxbI281 aIlieva, Valia97623510aComo una rosa :bpoemas, relatos, traducciones /cValia Ilieva. aEspaña :bSolenodontebMínimas,c2016. a61 p. ;c21 cm.1 aEdiciones de ACUDEBI; aIncluye datos biografícos de la autora en la solapa de la portada. aInventariado, 2019/ YL aLa Asociación Cultural y de Cooperación al Desarrollo de la Biblioteca República Dominicana (ACUDEBI). 0aEdiciones de ACUDEBI976232 0010718PDaPDbPDcCTd2019-04-12iLF1l0oxxx I28p48780-10r2020-06-25w2020-06-25yLFPDZNo se presta c48268d48268